Niektoré kontexty vzťahu etiky, ekonómie a sociálneho kapitálu

Autor vo svojom príspevku vymedzuje vzťah kultúrneho a sociálneho kapitálu a miesto morálnych hodnôt a etiky pri formovaní sociálnej integrity, vnútorného poriadku a kohézie spoločnosti. Zložitou je táto otázka po páde berlínskeho múru a v procesoch globalizácie, ktoré si žiadajú prehodnotiť normatí...

Descrizione completa

Salvato in:
Dettagli Bibliografici
Autore principale: Márton, Milan
Natura: Capitolo di libro
Lingua:slovacco
Soggetti:
Tags: Aggiungi Tag
Nessun Tag, puoi essere il primo ad aggiungerne!!

MARC

LEADER 00000nla$a2200000$$$4500
001 0149662
005 20240530090619.3
041 0 |a slo 
044 |a SK 
245 1 0 |a Niektoré kontexty vzťahu etiky, ekonómie a sociálneho kapitálu  |c Milan Márton 
520 |a Autor vo svojom príspevku vymedzuje vzťah kultúrneho a sociálneho kapitálu a miesto morálnych hodnôt a etiky pri formovaní sociálnej integrity, vnútorného poriadku a kohézie spoločnosti. Zložitou je táto otázka po páde berlínskeho múru a v procesoch globalizácie, ktoré si žiadajú prehodnotiť normatívny základ, na ktorom doposiaľ fungovala ekonomika. 
610 2 0 |a kapitál sociálny 
610 2 0 |a etika 
610 2 0 |a etika hospodárska 
610 2 0 |a globalizácia 
100 1 |a Márton, Milan